000
00341nam a22001457a 4500
008
221010b ||||| |||| 00| 0 eng d
020
_a
0471371084
041
_a
eng
080
_a
621
082
_a
621 HEN
100
_a
19.1
101
_a
MEKA
245
_a
EQUILIBRIUM STAGE SEPARATION CHEMICAL ENGIEERING
_c
HENLEY E
942
_2
udc
_c
BK
999
_c
58446
_d
58446